Aplicación de neurociencia en el proceso de enseñanza aprendizaje en el centro de Educación Básica Juan Sánchez Ramírez Distrito 16-01 de cotuí, año escolar 2015-2016 / Eulogia Antonia García Mercado, María Altagracia Martínez Flores, Leonardo Vásquez Otáñez ; asesor Fior D´Aliza Báez (Registro nro. 17880)

Detalles MARC
000 -LEADER
fixed length control field 01575nam a22002651a 4500
001 - CONTROL NUMBER
control field 17880
003 - CONTROL NUMBER IDENTIFIER
control field OSt
005 - DATE AND TIME OF LATEST TRANSACTION
control field 20260204212339.0
008 - FIXED-LENGTH DATA ELEMENTS--GENERAL INFORMATION
fixed length control field 170103s2016||||dr ||||||b||||||||||spa||
090 ## - LOCALLY ASSIGNED LC-TYPE CALL NUMBER (OCLC); LOCAL CALL NUMBER (RLIN)
Classification number (OCLC) (R) ; Classification number, CALL (RLIN) (NR) M-BA 2016 G17
100 1# - ASIENTO PRINCIPAL -- NOMBRE PERSONAL
Personal name García Mercado, Eulogia Antonia
Relator term sustentante
245 1# - TÍTULO PROPIAMENTE DICHO: SUBTÍTULO
Title Aplicación de neurociencia en el proceso de enseñanza aprendizaje en el centro de Educación Básica Juan Sánchez Ramírez Distrito 16-01 de cotuí, año escolar 2015-2016 / Eulogia Antonia García Mercado, María Altagracia Martínez Flores, Leonardo Vásquez Otáñez ; asesor Fior D´Aliza Báez
260 ## - PUBLICATION, DISTRIBUTION, ETC.
Place of publication, distribution, etc. Cotuí, República Dominicana :
Name of publisher, distributor, etc. UTECO,
Date of publication, distribution, etc. 2016
300 ## - PHYSICAL DESCRIPTION
Extensión 73 hojas :
Dimensions 28cm.
502 ## - THESIS NOTE
Dissertation note Monográfico de Educación (Educación Básica)--Universidad Tecnológica del Cibao Oriental, 2016<br/>
504 ## - BIBLIOGRAPHY, ETC. NOTE
Bibliography, etc. note Incluye referencia bibliográfica e índice<br/>
505 ## - NOTA DE CONTENIDO
Formatted contents note Índice -- declaración de autoría -- agradecimientos -- dedicatorias--resumen -- Capítulo I: Introducción -- Capítulo II: Revisión de literatura -- Capítulo III: Metodología -- Capítulo IV: Presentación de los resultados -- Capítulo V: Discusión y análisis de los resultados <br/>
650 #4 - ASIENTO SECUNDARIO DE MATERIA -- TERMINO TOPICO
Asiento secundario de materia Aplicación de neurociencia en el proceso
700 1# - ASIENTO SECUNDARIO -- NOMBRE PERSONAL
Personal name Eulogia Antonia García Mercado,
Relator term sustentante
700 1# - ASIENTO SECUNDARIO -- NOMBRE PERSONAL
Personal name María Altagracia Martínez Flores,
Relator term sustentante
700 1# - ASIENTO SECUNDARIO -- NOMBRE PERSONAL
Personal name Vásquez Otáñez, Leonardo
Relator term sustentante
700 1# - ASIENTO SECUNDARIO -- NOMBRE PERSONAL
Personal name D´Aliza Báez, Fior
Relator term asesor
830 ## - ASIENTO SECUNDARIO DE SERIE - TÍTULO UNIFORME
Uniform title Tesis y disertaciones académicas (Universidad Tecnológica del Cibao Oriental)
942 ## - ADDED ENTRY ELEMENTS (KOHA)
Source of classification or shelving scheme Clasificación Local
Koha item type Tesis
Existencias
Withdrawn status Lost status Source of classification or shelving scheme Damaged status Not for loan Collection code Home library Current library Shelving location Date acquired Inventory number Total Checkouts Full call number Barcode Date last seen Copy number Price effective from Koha item type
    Clasificación Local   Préstamo Interno Trabajos de Grado e Investigación   Biblioteca UTECO En Estantería 09/09/2019 ME-2016-001   M-BA 2016 G17 ME-2016-001 09/09/2019 Ej.1 09/09/2019 Tesis
© 2021 Derechos Reservados UTECO - Teléfono: +1 809-585-2291 - Correo electrónico: biblioteca@uteco.edu.do​  
Código postal 43000 ​​
Dirección: Avenida Universitaria No. 100, 
Cotuí, Provincia Sánchez Ramírez, República Dominicana - RNC: 404-00059-6